Figures [I-II, de Gérard Genette] /
Gorde:
| Egile nagusia: | |
|---|---|
| Formatua: | Liburua |
| Hizkuntza: | frantsesa |
| Saila: | (Points ; Littérature)
74, 106. |
| Gaiak: | |
| Etiketak: |
Etiketarik gabe, Izan zaitez lehena erregistro honi etiketa jartzen!
|
MARC
| LEADER | 00000nam^a2200000^a^4500 | ||
|---|---|---|---|
| 001 | 000280380 | ||
| 005 | 20250521000000.0 | ||
| 009 | 20260310111503.558 | ||
| 020 | |a 2-02-004417-X | ||
| 020 | |a 2-02-005323-3 | ||
| 037 | |a Acervo ITESO - Biblioteca | ||
| 041 | |a FRA | ||
| 082 | |a 411. |b GEN | ||
| 100 | |a Genette, Gérard |e (autor) | ||
| 240 | 1 | 1 | |a [Figuras, de Gérard Genette] |
| 245 | 1 | 0 | |a Figures [I-II, de Gérard Genette] / |c G. Genette. |
| 264 | |a París, Francia : |b Editions du Seuil, |c 1966-1969 | ||
| 300 | |a 2 v. (265, 293 p.) | ||
| 336 | |a texto |b txt |2 rdacontenido | ||
| 337 | |a sin mediación |b n |2 rdamedio | ||
| 338 | |a volumen |b nc |2 rdasoporte | ||
| 440 | 1 | |a (Points ; |v 74, 106. |p Littérature) | |
| 649 | |a XX | ||
| 650 | |a Poética - |x Historia y Crítica | ||
| 650 | |a Narración (Retórica) - |x Historia y Crítica | ||
| 650 | |a Literatura Francesa - |x Historia y Crítica - |x Tema Principal | ||
| 650 | |a Literatura - |x Historia y Crítica - |x Teoría - |x Tema Principal | ||
| 650 | |a Literatura - |x Teoría | ||
| 650 | |a Semiótica y Literatura | ||
| 650 | |a Lingüística Estructural | ||
| 910 | |a Fondo Armando Suárez Gómez | ||
| 920 | |a Impresos - Libros | ||
| 930 | |a Fondos Especiales | ||
| 905 | |a 111 | ||
| 901 | |a 0700006246 |b IT2 |c ESP |u 20250521 | ||
| 901 | |a 0700006247 |b IT2 |c ESP |u 20250521 | ||
| 902 | |a https://opac.biblio.iteso.mx/vufind/Record/000280380 | ||